<?xml version="1.0" encoding="UTF-8"?><?xml-stylesheet type="text/xsl" href="static/style.xsl"?><OAI-PMH xmlns="http://www.openarchives.org/OAI/2.0/" xmlns:xsi="http://www.w3.org/2001/XMLSchema-instance" xsi:schemaLocation="http://www.openarchives.org/OAI/2.0/ http://www.openarchives.org/OAI/2.0/OAI-PMH.xsd"><responseDate>2026-04-17T03:07:35Z</responseDate><request verb="GetRecord" identifier="oai:www.recercat.cat:2117/11999" metadataPrefix="marc">https://recercat.cat/oai/request</request><GetRecord><record><header><identifier>oai:recercat.cat:2117/11999</identifier><datestamp>2025-07-17T03:39:28Z</datestamp><setSpec>com_2072_1033</setSpec><setSpec>col_2072_452950</setSpec></header><metadata><record xmlns="http://www.loc.gov/MARC21/slim" xmlns:dcterms="http://purl.org/dc/terms/" xmlns:xsi="http://www.w3.org/2001/XMLSchema-instance" xmlns:doc="http://www.lyncode.com/xoai" xsi:schemaLocation="http://www.loc.gov/MARC21/slim http://www.loc.gov/standards/marcxml/schema/MARC21slim.xsd">
   <leader>00925njm 22002777a 4500</leader>
   <datafield ind2=" " ind1=" " tag="042">
      <subfield code="a">dc</subfield>
   </datafield>
   <datafield ind2=" " ind1=" " tag="720">
      <subfield code="a">Redondo Realinho, Vera Cristina de</subfield>
      <subfield code="e">author</subfield>
   </datafield>
   <datafield ind2=" " ind1=" " tag="720">
      <subfield code="a">Antunes, Marcelo de Sousa Pais</subfield>
      <subfield code="e">author</subfield>
   </datafield>
   <datafield ind2=" " ind1=" " tag="720">
      <subfield code="a">Santana Pérez, Orlando Onofre</subfield>
      <subfield code="e">author</subfield>
   </datafield>
   <datafield ind2=" " ind1=" " tag="720">
      <subfield code="a">Sánchez Soto, Miguel</subfield>
      <subfield code="e">author</subfield>
   </datafield>
   <datafield ind2=" " ind1=" " tag="720">
      <subfield code="a">Velasco Perero, José Ignacio</subfield>
      <subfield code="e">author</subfield>
   </datafield>
   <datafield ind2=" " ind1=" " tag="260">
      <subfield code="c">2010-06-23</subfield>
   </datafield>
   <datafield ind2=" " ind1=" " tag="520">
      <subfield code="a">Las espumas microcelulares poseen óptimas propiedades específicas que pueden ser ampliadas por incorporación de nanopartículas laminares y/o sustratos inorgánicos. Por ello, en el presente estudio se han preparado, por el método de espumación por disolución de gas y caída de presión, espumas microcelulares de polimetacrilato de metilo y respectivos nanocompuetos con montmorillonita e hidrotalcita. Además de la caracterización morfológica y termomecánica de las espumas se determinó la solubilidad y el coficiente de difusión del CO2 en el PMMA, evaluando el efecto de las nanopartículas en dichas propiedades. Se ha podido constatar que la solubilidad del CO2 se incrementa con la presencia de las nanopartículas respecto a las del polímero puro y que el coficiente de difusión se reduce marcadamente para ambos nanocompuestos. La rigidez específica de las espumas con nanopartículas es superior comparativamente con la del polímero puro debido a su estructura celular más fina y a la presencia de las nanopartículas.</subfield>
   </datafield>
   <datafield ind2=" " ind1=" " tag="520">
      <subfield code="a">Postprint (published version)</subfield>
   </datafield>
   <datafield tag="653" ind2=" " ind1=" ">
      <subfield code="a">Àrees temàtiques de la UPC::Enginyeria dels materials::Materials plàstics i polímers</subfield>
   </datafield>
   <datafield tag="653" ind2=" " ind1=" ">
      <subfield code="a">Polymeric foams series</subfield>
   </datafield>
   <datafield tag="653" ind2=" " ind1=" ">
      <subfield code="a">Polímers -- Propietats</subfield>
   </datafield>
   <datafield ind2="0" ind1="0" tag="245">
      <subfield code="a">Preparación y caracterización de espumas microcelulares nanoreforzadas</subfield>
   </datafield>
</record></metadata></record></GetRecord></OAI-PMH>